| 000 | 00694nam a22002057a 4500 | ||
|---|---|---|---|
| 999 |
_c188036 _d188036 |
||
| 005 | 20220509114816.0 | ||
| 010 | _aENG-132556 | ||
| 020 |
_a9788194857143 _c350.00 |
||
| 035 | _aEN-116088 | ||
| 037 | _bDBAD/PUB | ||
| 082 | _a510.71 | ||
| 100 | _aK, Vijayakumari | ||
| 245 |
_aFundamentals of Mathematics Education/ _cVijayakumari K., Mumthas N.S. and V. Sumangala |
||
| 260 |
_aKozhikode _bPavanatma Publishers Pvt. Ltd _c2020 |
||
| 270 |
_aParayanchery, Kuthiravattam _bKozhikode _e673016 _matmabooks@gmail.com _k9746077500, 9746440800 |
||
| 300 |
_axiii, 344p. _bIndex _c24cm(pbk) |
||
| 700 | _aN.S., Mumthas | ||
| 700 | _aSumangala, V | ||
| 942 |
_2ddc _cEN _h510.71 _mVIJ |
||